Normal view
MARC view
Entry Personal Name
001 - CONTROL NUMBER
- control field: 3563
003 - CONTROL NUMBER IDENTIFIER
- control field: OSt
005 - DATE AND TIME OF LATEST TRANSACTION
- control field: 20190319123128.0
008 - FIXED-LENGTH DATA ELEMENTS
- fixed length control field: 190319|| aca||aabn | a|a d
040 ## - CATALOGING SOURCE
- Original cataloging agency: OSt
- Transcribing agency: OSt
100 ## - HEADING--PERSONAL NAME
- Personal name: Puducherry. Finance Department
670 ## - SOURCE DATA FOUND
- Source citation: Work cat.: (OSt): Puducherry. Finance Department, Finance accounts, Puducherry, 1992-93, 1993
